000 00878nam a2200181Ia 4500
008 100921s9999 xx 000 0 und d
082 _b43757
_a891.463 न 09
100 _aस्मिथ अलेक्झांडर ,अनु.चांदोरकर नीला.
245 _aद नंबर वन लेडिज डिटेक्टिव्ह एजन्सी.
260 _bमेहता प्रकाशन, पुणे.
_c2009
300 _a226
_bजयेश एजन्सी,पुणे.
365 _b200
520 _aललित-कादंबरी.
630 _aद नंबर वन लेडिज डिटेक्टिव्ह एजन्सी.
650 _aललित-कादंबरी.
730 _aद नंबर वन लेडिज डिटेक्टिव्ह एजन्सी.
942 _cBOOK
999 _c792870
_d792867